Statistiques concernant Bologne - Culture générale

Cliquez ici pour prendre le quiz!

Statistiques générales

  • Ce quiz a été pris 290 fois
  • Le résultat moyen est 7 sur 16

Statistiques - réponses

InformationRéponse% Correct
Un des légumes à y ajouter (traditionnellement)Oignon / Céleri / Carotte / Tomate
94%
Surnom coloré donné à la ville, à la fois pour sa pierre et son âme communisteLa {Rouge}
85%
Composant principal de la sauce bologneseViande de bœuf
78%
Cette institution fondée en 1088 serait la plus ancienne du monde occidentalUniversité
76%
Constructeur automobile avec un taureau sur son logoLamborghini
67%
Région italienne dont Bologne est le chef-lieuÉmilie-Romagne
55%
Infrastructures que la ville comptait par centaine, les plus célèbres encore debout sont les jumelles Garisenda et AsinelliTours
54%
Dieu romain célébré par une monumentale fontaine sur une place au centreNeptune
46%
Peuple qui fonda Felsina en 534 av. J.-C.Étrusques
42%
Ville, historiquement rivale de Bologne quelques 40km à son nord-ouestModène
29%
Inventeur de la radio et de la télécommunication sans filGuglielmo Marconi
25%
Poète et cinéaste italien anticonformiste assassiné en 1975 (L'Évangile selon saint Matthieu, Mamma Roma...)Pier Paolo Pasolini
23%
Objet volé par cette cité dans une guerre aux allures comiques (1325)Seau
17%
Type de pâtes farcies originaire de la régionTortellini
16%
Fleuve qui passe par la ville et partage son nom avec un "Jean" célèbreReno
15%
Série d'accords pour harmoniser le système d'études supérieures en Europe{Processus} de Bologne
5%

Distribution des résultats

Percentile par nombre de réponses

% des personnes avec chaque résultat

Votre développement - résultats

Vous n’avez pas pris ce quiz